Statistics for Country Names Beheaded and Unscrambled

Click here to take the quiz!

General Stats

  • This quiz has been taken 82 times
  • The average score is 54 of 107

Answer Stats

HintCountry% Correct
IIJFiji
97%
ERUPeru
96%
AOSLaos
94%
ABUCuba
93%
GPTYEgypt
90%
AQRIraq
90%
GOOTogo
90%
ADHChad
87%
AMNOman
87%
ANRIran
85%
AILMali
85%
AALTMalta
84%
EHILChile
79%
EINNBenin
75%
OOOSVKosovo
75%
EEMNYemen
75%
AANPJapan
73%
ABIYLibya
73%
EGIRNiger
73%
AALUPalau
73%
AHINChina
72%
ALTYItaly
72%
EEILZBelize
70%
AAADNCanada
69%
AAMOSamoa
69%
AAHNGhana
67%
ADINIndia
67%
AORWYNorway
67%
AIITHaiti
66%
ABNOGabon
64%
ADNUSudan
63%
ADNORRAndorra
61%
EKRUYTurkey
61%
DEENWSweden
60%
CCOOORMorocco
58%
ARUUNauru
58%
CEIOXMexico
57%
AISSURussia
57%
AGRUUYUruguay
57%
AAAMNPanama
55%
ALUUVTuvalu
55%
AAAHMSBahamas
54%
AILRZBrazil
54%
AABIMZambia
54%
CEEERGreece
52%
AENYKenya
52%
AINPSpain
52%
AGNOTonga
52%
AELPNepal
51%
AARTQatar
51%
MOOORSComoros
49%
PRSUYCyprus
49%
AAILWMalawi
49%
ADLOOVMoldova
49%
AABIIMNamibia
49%
AITUWKuwait
48%
AADNWRwanda
48%
AAITVLatvia
46%
AIRYSyria
46%
AGLNOAngola
45%
AHNTUBhutan
45%
AABIMGambia
45%
AANUYGuyana
45%
AEGILRAlgeria
43%
AEMNRYGermany
43%
AADGNUganda
42%
AANTUUVanuatu
42%
AEGIIRNigeria
40%
AELRSUBelarus
39%
EINRUBrunei
39%
ACNOOMonaco
37%
ADLNOPoland
37%
AMRUBurma
36%
AAINWTaiwan
36%
ADELNRIreland
34%
AIILOVBolivia
33%
AEGIORGeorgia
33%
AEINUGuinea
31%
AGNRUYHungary
31%
AEIMNRArmenia
30%
ABEIRSerbia
30%
AAILMOSomalia
30%
AIINSUTunisia
30%
AEIKNRUkraine
30%
ACENRFrance
28%
AELRSIsrael
28%
ABEIIRLiberia
28%
AABILNAlbania
27%
ACDORUEcuador
27%
AINOSTEstonia
27%
ABENNOLebanon
27%
EGILMUBelgium
25%
ACDELNIceland
25%
EHOOSTLesotho
25%
AAHINRBahrain
24%
DINRUUBurundi
22%
AEIRRTEritrea
22%
ADILNNFinland
22%
AEEGLNSenegal
22%
AAIORTCroatia
21%
AEKMNRDenmark
21%
AIRSTUAustria
19%
AADENRGrenada
19%
AAIMNORomania
19%
AAACIMJamaica
16%
ADNORJordan
16%
AEIMNTVietnam
12%

Score Distribution

Percentile by Number Answered

Percent of People with Each Score

Your Score History

You have not taken this quiz